Canadian Cities Without an NHL Team - Statistics

General Stats
  • This quiz has been taken 27 times
  • The average score is 7 of 10
Answer Stats
Population Province/Territory City % Correct
839,311 Quebec Quebec City
100%
465,703 Nova Scotia Halifax
91%
785,184 Ontario Hamilton
87%
317,480 Saskatchewan Saskatoon
87%
397,237 British Columbia Victoria
87%
433,630 Ontario Windsor
74%
575,847 Ontario London
65%
433,604 Ontario Niagara
57%
543,551 Ontario Waterloo
30%
415,311 Ontario Oshawa
22%
No matching quizzes found
Score Distribution
Percent of People with Each Score
Percentile by Number Answered
Your Score History
You have not taken this quiz